Integrated principles of zoology

Αποθηκεύτηκε σε:
Λεπτομέρειες βιβλιογραφικής εγγραφής
Κύριος συγγραφέας: Hickman, Cleveland P.
Άλλοι συγγραφείς: Roberts, Larry S., 1935-, Larson, Allan
Μορφή: Βιβλίο
Γλώσσα:English
Δημοσίευση: Boston : WCB McGraw-Hill, c1997.
Έκδοση:10η εκδ.
Θέματα:
Ετικέτες: Προσθήκη ετικέτας
Δεν υπάρχουν, Καταχωρήστε ετικέτα πρώτοι!

MARC

LEADER 00000cam a2200000 i 4500
001 1/101193
008 000208s1997 us | ||| |||| ||eng||
020 |a 0697243664 
035 |l 10057582 
040 |a GR-MyUA  |b gre  |e AACR2 
041 0 |a eng 
082 0 |a 590 
100 1 |a Hickman, Cleveland P. 
245 1 0 |a Integrated principles of zoology /   |c Cleveland P. Hickman, Larry S. Roberts, Allan Larson ; original artwork by William C. Ober and Claire Garrison.  
250 |a 10η εκδ.  
260 |a Boston :   |b WCB McGraw-Hill,   |c c1997.  
300 |a xix, 901 σ. :   |b εικ. (μερ. έγχρ.) ;   |c 29 εκ.  
504 |a Περιέχει βιβλιογραφικές παραπομπές και ευρετήριο.  
650 0 0 |a Zoology. 
700 1 |a Roberts, Larry S.,   |d 1935- 
700 1 |a Larson, Allan. 
767 0 8 |i Μεταφρασμένο ως:   |t Ζωολογία :  
767 0 8 |i Μεταφρασμένο ως:   |t Ζωολογία ολοκληρωμένες αρχές /  
852 |a INST  |b LESVOS  |e 20000208  |h 590 HIC  |p 005100021661  |q 005100021661  |t BK  |y 0 
901 |a BIBL1-2000-1 
909 |a Λ  |b 073378 
922 |a 1ΕΛΗ  |b 199912  |c ΚΠΣ/ΤΠ  |d Glory 
950 |a 107-1999-12-22 
970 |a Μουστάκα  |b Πηνελόπη  |z 2000/02/09